La clasificación arancelaria y el uso del Sistema GS1 en las declaraciones juradas aduaneras (Registro nro. 34870)

Detalles MARC
000 -LEADER
fixed length control field 00357 a2200109 4500
001 - CONTROL NUMBER
control field ART_46639
005 - DATE AND TIME OF LATEST TRANSACTION
control field 20260410162041.0
008 - FIXED-LENGTH DATA ELEMENTS--GENERAL INFORMATION
fixed length control field 260409a
100 1# - MAIN ENTRY--PERSONAL NAME
Personal name Schurig, Harry
245 10 - TITLE STATEMENT
Title La clasificación arancelaria y el uso del Sistema GS1 en las declaraciones juradas aduaneras
773 0# - HOST ITEM ENTRY
Title Impuestos
Related parts - N°30 (jun. 2018)
Record control number REV45175

No hay ítems disponibles.